Książki z cyklu "Chyłka" - Statystyki

Ogólne statystyki
  • Ten quiz został rozwiązany 14 razy
  • Średni wynik to 9 z 17
Statystyki odpowiedzi
Część Tytuł % Poprawnych
1 Kasacja
92%
5 Inwigilacja
85%
10 Wyrok
77%
2 Zaginięcie
77%
8 Kontratyp
69%
6 Oskarżenie
69%
3 Rewizja
62%
7 Testament
62%
4 Immunitet
54%
9 Umorzenie
54%
13 Afekt
38%
14 Egzekucja
38%
11 Ekstradycja
38%
15 Skazanie
38%
16 Werdykt
38%
12 Precedens
31%
17 Zarzut
23%
Nie znaleziono quizów pasujących do podanych kryteriów
Rozkład punktacji
Procent ludzi z każdym wynikiem
Percentyl według liczby udzielonych odpowiedzi
Twoja historia wyników
Nie rozwiązałeś tego quizu